000 00243nam a2200097Ia 4500
001 734563
005 20250826163836.0
008 250824s9999 xx 000 0 und d
245 0 _aİNGİLİZCE SÖZCÜK
_cEROL YILDIZ
260 _bKARATAY YAYINLARI
999 _c734563
_d734563